Diseño e instalación de un sistema de riego por aspersión para fines prácticos en la finca experimental agrícola FTC, UNI
Presenta el diseño e instalación de un sistema de riego por aspersión para fines prácticos en la finca experimental agrícola FTC, UNI el cual consistió en la instalación de un sistema de riego por aspersión para fines prácticos en la finca CEA – UNI.
| Main Authors: | , |
|---|---|
| Other Authors: | |
| Format: | Tesis Section = Libro |
| Language: | Undetermined Spanish |
| Published: |
Managua
UNI
2013
|
| Subjects: |
| LEADER | 01128nam a2200265Ia 4500 | ||
|---|---|---|---|
| 008 | 240830s9999 xx 000 0 und d | ||
| 040 | |a BIBLIOTECA-RUPAP Mon 631.587 D689 | ||
| 041 | |a spa | ||
| 082 | |a Mon 631.587 D689 | ||
| 100 | 1 | |a Doña Ampié, Katherine Carolina | |
| 100 | 1 | |b Cerda Saravia, Maricela del Carmen | |
| 245 | 1 | 0 | |a Diseño e instalación de un sistema de riego por aspersión para fines prácticos en la finca experimental agrícola FTC, UNI |
| 260 | |a Managua |b UNI |c 2013 | ||
| 300 | |a 118 p. :il. | ||
| 500 | |a Contiene: anexos. | ||
| 502 | |a Tesis (Ingeniero Agrícola)- UNI, 2013. | ||
| 520 | 3 | |a Presenta el diseño e instalación de un sistema de riego por aspersión para fines prácticos en la finca experimental agrícola FTC, UNI el cual consistió en la instalación de un sistema de riego por aspersión para fines prácticos en la finca CEA – UNI. | |
| 650 | 7 | |a RIEGO | |
| 650 | 7 | |b RIEGO POR ASPERSION | |
| 650 | 7 | |c DISEÑO HIDRAULICO | |
| 650 | 7 | |d IRRIGACION DE AGUA | |
| 700 | 1 | |a Tutor: |b Aguilar Velásquez, Alvaro Beni | |
| 942 | |c BK |2 ddc | ||
| 991 | |a TESIS | ||
| 999 | |c 16669 | ||